Tyre industry on fast track (Record no. 71658)

MARC details
000 -LEADER
fixed length control field 00291nam a2200121Ia 4500
245 #0 - TITLE STATEMENT
Title Tyre industry on fast track
260 ## - PUBLICATION, DISTRIBUTION, ETC. (IMPRINT)
Name of publisher Facts For You
Year of publication 2003
300 ## - PHYSICAL DESCRIPTION
Number of Pages 25-26
650 ## - SUBJECT ADDED ENTRY--TOPICAL TERM
Topical Term Tyre industry
650 ## - SUBJECT ADDED ENTRY--TOPICAL TERM
Topical Term Tyre production
942 ## - ADDED ENTRY ELEMENTS (KOHA)
Koha item type Journals
Holdings
Withdrawn status Lost status Damaged status Not for loan Home library Current library Shelving location Date acquired Serial Enumeration / chronology Koha item type
      Journals RRII Library RRII Library Rubber general 17/12/2021 Volume 23, Issue 11 Journals